<?xml version="1.0" encoding="UTF-8"?>
<record
    xmlns:xsi="http://www.w3.org/2001/XMLSchema-instance"
    xsi:schemaLocation="http://www.loc.gov/MARC21/slim http://www.loc.gov/standards/marcxml/schema/MARC21slim.xsd"
    xmlns="http://www.loc.gov/MARC21/slim">

  <leader>01631nam a22002537a 4500</leader>
  <controlfield tag="008">160704s2000        gw||||| |||| 00| 0 spa d</controlfield>
  <datafield tag="082" ind1=" " ind2=" ">
    <subfield code="a">709.2</subfield>
    <subfield code="b">H813r</subfield>
  </datafield>
  <datafield tag="245" ind1="1" ind2="0">
    <subfield code="a">Rebecca Horn /</subfield>
    <subfield code="c">Rebecca Horn ; comisario Centro Galego de Arte Contempor&#xE1;nea Miguel Fern&#xE1;ndez-Cid ; textos por Carl Haenlein, Sergio Edelsztein, Martin Mosebach y doris von Drathen.</subfield>
  </datafield>
  <datafield tag="250" ind1=" " ind2=" ">
    <subfield code="a">1a ed.</subfield>
  </datafield>
  <datafield tag="260" ind1=" " ind2=" ">
    <subfield code="a">Alemania :</subfield>
    <subfield code="b">Institut f&#xFC;r Auslandsbeziehungen ; Centro Galego de Arte Contempor&#xE1;nea,</subfield>
    <subfield code="c">2000.</subfield>
  </datafield>
  <datafield tag="300" ind1=" " ind2=" ">
    <subfield code="a">197 p.</subfield>
    <subfield code="b">il. col. </subfield>
  </datafield>
  <datafield tag="500" ind1=" " ind2=" ">
    <subfield code="a">Cat&#xE1;logo editado con motivo de a exposici&#xF3;n de Rebecca horn en el Centro Galego de Arte Contempor&#xE1;nea, del 9 de junio al 10 de setiembre del 2000.</subfield>
  </datafield>
  <datafield tag="505" ind1="0" ind2=" ">
    <subfield code="t">Prefacio</subfield>
    <subfield code="r">Ursula Zeller.</subfield>
    <subfield code="t">Rebecca Horn en el CGAC</subfield>
    <subfield code="r">Miguel Fern&#xE1;ndez-Cid.</subfield>
    <subfield code="t">Time goes by (el tiempo pasa)</subfield>
    <subfield code="r">Carl Haenlein.</subfield>
    <subfield code="t">Envoltorio de plumas-Camisa de fuerza desgarrada, Juegos de rol para cuerpos animados e inanimados</subfield>
    <subfield code="r">Sergio Edelsztein.</subfield>
    <subfield code="t">Del objeto en movimiento a la imagen en movimiento, Rebecca Horn y el cine</subfield>
    <subfield code="r">Martin Mosebach.</subfield>
    <subfield code="t">En el punto cero de las turbulencias, Informe de un viaje</subfield>
    <subfield code="r">Doris von Drathen.</subfield>
    <subfield code="t">Objetos expuestos en la exposici&#xF3;n del IFA.</subfield>
    <subfield code="t">Biograf&#xED;a.</subfield>
    <subfield code="t">Exposiciones individuales.</subfield>
    <subfield code="t">Filmograf&#xED;a.</subfield>
    <subfield code="t">Monograf&#xED;as.</subfield>
  </datafield>
  <datafield tag="653" ind1="1" ind2="0">
    <subfield code="a">Arte contempor&#xE1;neo</subfield>
  </datafield>
  <datafield tag="653" ind1="1" ind2="0">
    <subfield code="a">Arte - biograf&#xED;a</subfield>
  </datafield>
  <datafield tag="653" ind1="1" ind2="0">
    <subfield code="a">Artistas alemanes</subfield>
  </datafield>
  <datafield tag="653" ind1="1" ind2="0">
    <subfield code="a">Arte - Alemania</subfield>
  </datafield>
  <datafield tag="700" ind1="1" ind2=" ">
    <subfield code="a">Fern&#xE1;ndez-Cid, Miguel.</subfield>
    <subfield code="e">comisario.</subfield>
    <subfield code="9">5290</subfield>
  </datafield>
  <datafield tag="700" ind1="1" ind2=" ">
    <subfield code="a">Haenlein, Carl.</subfield>
    <subfield code="9">5291</subfield>
  </datafield>
  <datafield tag="700" ind1="1" ind2=" ">
    <subfield code="a">Edelsztein, Sergio.</subfield>
    <subfield code="9">5160</subfield>
  </datafield>
  <datafield tag="700" ind1="1" ind2=" ">
    <subfield code="a">Mosebach, Martin.</subfield>
    <subfield code="9">5292</subfield>
  </datafield>
  <datafield tag="700" ind1="1" ind2=" ">
    <subfield code="a">Drathen, Doris von.</subfield>
    <subfield code="9">5293</subfield>
  </datafield>
  <datafield tag="710" ind1="1" ind2=" ">
    <subfield code="a">Centro Galego de Arte Contempor&#xE1;nea.</subfield>
    <subfield code="9">4254</subfield>
  </datafield>
  <datafield tag="999" ind1=" " ind2=" ">
    <subfield code="c">974</subfield>
    <subfield code="d">974</subfield>
  </datafield>
  <datafield tag="952" ind1=" " ind2=" ">
    <subfield code="0">0</subfield>
    <subfield code="1">0</subfield>
    <subfield code="2">ddc</subfield>
    <subfield code="4">0</subfield>
    <subfield code="7">0</subfield>
    <subfield code="a">LV</subfield>
    <subfield code="b">LV</subfield>
    <subfield code="c">Monograf&#xED;as</subfield>
    <subfield code="d">2016-07-04</subfield>
    <subfield code="l">0</subfield>
    <subfield code="o">709.2 H813r</subfield>
    <subfield code="p">000844</subfield>
    <subfield code="r">2016-07-04 00:00:00</subfield>
    <subfield code="w">2016-07-04</subfield>
    <subfield code="y">01</subfield>
  </datafield>
</record>
